Prehľad peňažných tokov (Cash Flow Statement)
Praktický príklad na použitie modifikovanej priamej a nepriamej metódy pri vykazovaní peňažných tokov z prevádzkovej činnosti.
Saved in:
| Main Author: | |
|---|---|
| Format: | Book Chapter |
| Language: | Slovak |
| Subjects: | |
| Tags: |
No Tags, Be the first to tag this record!
|
MARC
| LEADER | 00000naa$a2200000$$$4500 | ||
|---|---|---|---|
| 001 | 0040026 | ||
| 005 | 20240502071506.9 | ||
| 041 | 0 | |a slo | |
| 044 | |a SK | ||
| 245 | 1 | 0 | |a Prehľad peňažných tokov (Cash Flow Statement) |c Miloš Sklenka |
| 520 | |a Praktický príklad na použitie modifikovanej priamej a nepriamej metódy pri vykazovaní peňažných tokov z prevádzkovej činnosti. | ||
| 610 | 2 | 0 | |a cash flow |
| 610 | 2 | 0 | |a cash flow |
| 610 | 2 | 0 | |a účtovníctvo podvojné |
| 610 | 2 | 0 | |a podnik |
| 610 | 2 | 0 | |a podnikanie |
| 610 | 2 | 0 | |a závierka účtovná konsolidovaná |
| 100 | 1 | |a Sklenka, Miloš | |